000 00385nam a2200157Ia 4500
008 221030s9999 xx 000 0 und d
020 _a8186555250
041 _aEnglish
082 _a105.23
_bMit
100 _aG. K. Mithal
245 0 _aIntroductory electrical Engineering
_cby G. K. Mithal
260 _bG. K. Pub
_aNew Delhi
_c1997
300 _a8.10
650 _aEE
942 _cBK
999 _c4865
_d4865